000 00401cam a22001217a 4500
008 180718b1985 xxu||||| |||| 00| 0 eng d
082 _aAPPPA 84-85 SHA/A
100 _aShankar, Ananda
245 _aGrowth of revenue system in Kanpur, 1801-1857
_cby Ananda Shankar
260 _aNew Delhi
_bIndian Institute of Public Administration
_c1985
300 _a182p.
650 _aRevenue system-Kanpur-1801-1857
999 _c501378
_d501378